Frauenaufbrüche in muslimischen Gemeinschaften: Fokus: Deutschland
| Main Author: | |
|---|---|
| Format: | Print Article |
| Language: | German |
| Check availability: | HBZ Gateway |
| Interlibrary Loan: | Interlibrary Loan for the Fachinformationsdienste (Specialized Information Services in Germany) |
| Published: |
2006
|
| In: |
Concilium
Year: 2006, Volume: 42, Issue: 3, Pages: 318-326 |
| Standardized Subjects / Keyword chains: | B
Deutschland (boat, 1866-1875)
/ Woman
/ Islam
|
| RelBib Classification: | BJ Islam |
| Further subjects: | B
Women
B Federal Republic of Germany B Islam B Bundesrepublik Deutschland B Frauen |
| Parallel Edition: | Electronic
|
MARC
| LEADER | 00000caa a22000002c 4500 | ||
|---|---|---|---|
| 001 | 582408237 | ||
| 003 | DE-627 | ||
| 005 | 20250823172708.0 | ||
| 007 | tu | ||
| 008 | 160405s2006 xx ||||| 00| ||ger c | ||
| 035 | |a (DE-627)582408237 | ||
| 035 | |a (DE-576)46600771X | ||
| 035 | |a (DE-599)GBV582408237 | ||
| 040 | |a DE-627 |b ger |c DE-627 |e rakwb | ||
| 041 | |a ger | ||
| 084 | |a 1 |2 ssgn | ||
| 100 | 1 | |0 (DE-588)139893970 |0 (DE-627)614192676 |0 (DE-576)302086420 |4 aut |a Mohagheghi, Hamideh |d 1954- | |
| 109 | |a Mohagheghi, Hamideh 1954- |a Muḥaqqiqī, Ḥamīda 1954- |a Mohaghegh, Hamideh 1954- | ||
| 245 | 1 | 0 | |a Frauenaufbrüche in muslimischen Gemeinschaften |b Fokus: Deutschland |c Hamideh Modagheghi |
| 264 | 1 | |c 2006 | |
| 336 | |a Text |b txt |2 rdacontent | ||
| 337 | |a ohne Hilfsmittel zu benutzen |b n |2 rdamedia | ||
| 338 | |a Band |b nc |2 rdacarrier | ||
| 500 | |a Aufsatz | ||
| 500 | |a Literaturverz. S. 326 | ||
| 601 | |a Gemeinschaft | ||
| 650 | 4 | |a Frauen | |
| 650 | 4 | |a Islam | |
| 650 | 4 | |a Bundesrepublik Deutschland | |
| 650 | 4 | |a Women | |
| 650 | 4 | |a Federal Republic of Germany | |
| 652 | |a BJ | ||
| 689 | 0 | 0 | |d g |0 (DE-588)4011882-4 |0 (DE-627)104704861 |0 (DE-576)208896155 |2 gnd |a Deutschland |
| 689 | 0 | 1 | |d s |0 (DE-588)4018202-2 |0 (DE-627)104270705 |0 (DE-576)208923209 |2 gnd |a Frau |
| 689 | 0 | 2 | |d s |0 (DE-588)4027743-4 |0 (DE-627)106283499 |0 (DE-576)20897220X |2 gnd |a Islam |
| 689 | 0 | |5 (DE-627) | |
| 773 | 0 | 8 | |i In |t Concilium |d Baden-Baden : Verlag Karl Alber, 1965 |g 42(2006), 3, Seite 318-326 |w (DE-627)129068594 |w (DE-600)1587-8 |w (DE-576)014400200 |x 0588-9804 |7 nnas |
| 773 | 1 | 8 | |g volume:42 |g year:2006 |g number:3 |g pages:318-326 |
| 776 | 0 | 8 | |i Reproduziert als |a Mohagheghi, Hamideh, 1954 - |t Frauenaufbrüche in muslimischen Gemeinschaften |d 2006 |w (DE-627)1882668278 |k Electronic |
| 889 | |w (DE-627)1864393998 | ||
| 935 | |a mteo |a DTH5 | ||
| 935 | |i mdedup | ||
| 935 | |i Blocktest | ||
| 951 | |a AR | ||
| ELC | |b 1 | ||
| ITA | |a 1 |t 1 | ||
| LOK | |0 000 xxxxxcx a22 zn 4500 | ||
| LOK | |0 001 3311435923 | ||
| LOK | |0 003 DE-627 | ||
| LOK | |0 004 582408237 | ||
| LOK | |0 005 20160405135820 | ||
| LOK | |0 008 160404||||||||||||||||ger||||||| | ||
| LOK | |0 040 |a DE-Tue135 |c DE-627 |d DE-Tue135 | ||
| LOK | |0 092 |o n | ||
| LOK | |0 852 |a DE-Tue135 | ||
| LOK | |0 852 1 |9 00 | ||
| LOK | |0 935 |a ixzs |a ixmi | ||
| LOK | |0 936ln |0 1442043539 |a BJ | ||
| LOK | |0 939 |a 04-04-16 |b l01 | ||
| ORI | |a SA-MARC-ixtheoa001.raw | ||
| REL | |a 1 | ||
| STA | 0 | 0 | |a Deutschland (boat, 1866-1875),Germany,Germany,Germany,Germany,German Federal Republic (motif),Germany,Germany,Germany,Germany,Germany,Germany,Germany,German Democratic Republic,Germany,Federal Republic of Germany,Germany,Germany,Soviet Occupation Zone,French Occupation Zone,Islam,Islam,Woman,Adult woman,Women,Women,Women in art |
| STB | 0 | 0 | |a Deutschland (bateau, 1866-1875),Allemagne,Allemagne,République fédérale d'Allemagne (motif),Femme,Femme,Femmes,Femmes,Islam,Islam |
| STC | 0 | 0 | |a Alemania,Alemania,Islam,Islam,Mujer,Mujer,Mujeres |
| STD | 0 | 0 | |a Donna,Donna,Germania,Germania,Islam,Islam |
| STE | 0 | 0 | |a 伊斯兰教,伊斯兰教,回教,回教,女人,女人,女残疾人土,妇女,女子,妇女,女子,德国,德国 |
| STF | 0 | 0 | |a 伊斯蘭教,伊斯蘭教,回教,回教,女人,女人,女殘疾人土,婦女,女子,婦女,女子,德國,德國 |
| STG | 0 | 0 | |a Alemanha,Alemanha,Islã,Islã,Mulher,Mulher |
| STH | 0 | 0 | |a Германия (ГДР, мотив),Германия (мотив),Женщина (мотив),Женщина,Ислам (мотив),Ислам |
| STI | 0 | 0 | |a Γερμανία (ΛΔΓ, μοτίβο),Γερμανία (μοτίβο),Γυναίκα (μοτίβο),Γυναίκα,Ισλάμ (μοτίβο),Ισλάμ |
| SUB | |a REL | ||
| SYE | 0 | 0 | |a Frau,Gesellschaft - Frauen,Frau,Frau , Islam |
| SYG | 0 | 0 | |a DDR,Deutsche Demokratische Republik,Germany,Amerikanische Zone Deutschlands,BRD,Britische Zone Deutschlands,Bundesrepublik Deutschland,Französische Zone Deutschlands,Vereinigtes Wirtschaftsgebiet Deutschlands,BRD,Bundesrepublik Deutschland , Vereinigtes Wirtschaftsgebiet,Bizone,Verwaltung des Vereinigten Wirtschaftsgebietes,Französische Zone,Zone Française d'Occupation,Französische Besatzungszone,ZFO,Britische Zone,British occupation zone,Britische Besatzungszone,British Zone of Control,Britisches Kontrollgebiet,British Element,Britisches Element,Sowjetische Zone,Russische Zone,Sowjetische Besatzungszone,Russische Besatzungszone,Sowjetische Besatzungszone Deutschlands,Sowjetische Besatzungszone in Deutschland,Sowjetisch Besetzte Zone,Sowjetzone,Ostzone,SBZ,Länder,Westliche Bundesländer,Alte Bundesländer,Deutschland,Westdeutschland,Deutschland,Westzonen,Westliche Besatzungszonen,Trizone,Amerikanische Zone,American occupation zone,Amerikanische Besatzungszone,ABZ,United States Area of Control,Amerikanisches Kontrollgebiet,U.S. zone of occupation,United States Zone,U.S. Zone,US-Zone,Alemanha,Alemania,Allemagne,Almanija,Almāniyā,Bondsrepubliek Duitsland,BRD,BRD,Bundesrepublik Deutschland,Deutschland,Deutschland,Federal Republic of Germany,Förbundsrepubliken Tyskland,Förbundsrepublikken Tyskland,FRG,Germany,Németországi Szövetségi Kőztársaság,Niemiecka Republika Federalna Niemiecka Republika Federalna,NRF,Repubblica Federale di Germania,Republic of Germany,República Federal da Alemanha,República Federal de Alemania,Republik Federasi Djerman,Republika Federalna Niemiec,République Fédérale d'Allemagne,RFN,Saksan Liittotasavalta,Westdeutschland,Deutsche Demokratische Republik,DDR,Deutschland,German Democratic Republic,GDR,République Démocratique Allemande,RDA,Germanskaja Demokratičeskaja Respublika,Demokratičeskaja Respublika,Democratic Republic,Demokratische Republik,Niemiecka Republika Demokratyczna,NRD,Ǧumhūrīyat Almāniyā ad-Dīmuqrāṭīya,República Democrática Alemana,Saksan Demokraattisen Tasavallan,Repubblica Democratica Tedesca,Mitteldeutschland,Ostdeutschland,East Germany,Ostzone,Deutsche Länder,Germany,Heiliges Römisches Reich,Rheinbund,Deutscher Bund,Norddeutscher Bund,Deutsches Reich,Deutschland,Deutschland,BRD,Federal Republic of Germany,Republic of Germany,Allemagne,Ǧumhūrīyat Almāniyā al-Ittiḥādīya,Bundesrepublik Deutschland,BRD,Niemcy,République Fédérale d'Allemagne,Repubblica Federale di Germania,Germanija,Federativnaja Respublika Germanija,FRG,Deyizhi-Lianbang-Gongheguo,Östliche Bundesländer,Neue Bundesländer,Länder,Deutschland,Ostdeutschland,Deutschland,Deutschland , Frauen,Frauendarstellung,Frauengestalt,Frauenbild,Erwachsene Frau,Weib,Weibliche Erwachsene,Frauen , Islam |
| TIM | |a 100019901003_100020261231 |b 1990-10-03 - 2026 | ||



